Women's Euro 2025 Teams - Statistics

General Stats
  • This quiz has been taken 26 times
  • The average score is 15 of 16
Answer Stats
Est. Answer % Correct
927 England
100%
1792 France
100%
1861 Italy
100%
1492 Spain
100%
1523 Sweden
100%
1945 Denmark
96%
1581 Netherlands
96%
1905 Norway
96%
1143 Portugal
96%
1830 Belgium
91%
1815 Germany
91%
1815 Switzerland
91%
1056 Wales
91%
1917 Finland
87%
1944 Iceland
87%
1918 Poland
87%
No matching quizzes found
Score Distribution
Percent of People with Each Score
Percentile by Number Answered
Your Score History
You have not taken this quiz